| 000 | 00445nam a2200193Ia 4500 | ||
|---|---|---|---|
| 008 | 150909s9999 xx 000 0 und d | ||
| 041 | _aEnglish | ||
| 082 | _a620 | ||
| 082 | _bFIN/EL | ||
| 100 | _aFink D.G | ||
| 100 | _eEditor | ||
| 245 | _aElectronics enginers handbook | ||
| 260 | _aNewYork | ||
| 260 | _bMc Graw Hill Book company | ||
| 260 | _c1975 | ||
| 365 | _aUSD.57.95 | ||
| 650 | _aEngineering | ||
| 942 | _cBK | ||
| 999 |
_c229108 _d229108 |
||